Statistics for Rappers w/ the best voice

Click here to take the quiz!

General Stats

  • This quiz has been taken 6 times
  • The average score is 5 of 15

Answer Stats

HintAnswer% Correct
I’m in itKanye
80%
AqueminiAndre 3000
60%
uKendrick
60%
Bonita ApplebumQ-tip
60%
Mrs OfficerLil Wayne
40%
Bitch PleaseSnoop Dogg
40%
Electric BodyA$AP Rocky
20%
Black MarketBrotha Lynch Hung
20%
Loungin’Guru
20%
The CrackJeru the Damaja
20%
WatchuwandoKrayzie Bone
20%
Sweet LoveMethod Man
20%
A love that’s trueSlick Rick
20%
GodLovesUglySlug
20%
Gettin’ itToo $hort
20%

Score Distribution

Percentile by Number Answered

Percent of People with Each Score

Your Score History

You have not taken this quiz